| 000 | 00908cam a2200289 a 4500 | ||
|---|---|---|---|
| 999 |
_c7586 _d7586 |
||
| 003 | OSt | ||
| 005 | 20200316160549.0 | ||
| 008 | 110324s2011 nyua b 001 0 eng | ||
| 020 | _a9781616890360 (alk. paper) | ||
| 040 |
_aDLC _cDLC _dDLC |
||
| 042 | _apcc | ||
| 050 | 0 | 0 |
_aN7431.5 _b.E44 2011 |
| 082 | 0 | 0 |
_a701/.8 _222 _bELM |
| 100 | 1 |
_aElam, Kimberly, _d1951- |
|
| 245 | 1 | 0 |
_aGeometry of design : _bstudies in proportion and composition / _cKimberly Elam. |
| 250 | _a2nd ed., rev. and updated. | ||
| 260 |
_aNew York : _bPrinceton Architectural Press, _cc2011. |
||
| 300 |
_a143 p. : _bill. (some col.) ; _c22 cm. |
||
| 490 | 0 | _aDesign briefs | |
| 504 | _aIncludes bibliographical references (p. 140). | ||
| 650 | 0 | _aProportion (Art) | |
| 650 | 0 | _aComposition (Art) | |
| 650 | 0 | _aGolden section. | |
| 650 | 0 |
_aArt, Modern _y20th century. |
|
| 650 | 0 |
_aDesign _xHistory _y20th century. |
|
| 942 | _2ddc | ||